DeBarge Discography - Statistics

General Stats
  • This quiz has been taken 5 times
  • The average score is 7 of 11
Answer Stats
Year Name Type % Correct
1982 All This Love Album
100%
1987 Bad Boys Album
100%
1983 In a Special Way Album
100%
1985 Rhythm of the Night Album
100%
1981 The DeBarges Album
100%
2011 Time Will Reveal: The Complete Motown Album Compilation
60%
2000 20th Century Masters - The Millennium Collection: The Best of DeBarge Compilation
40%
1991 Back on Track Album
40%
1986 Greatest Hits Compilation
40%
2008 The Definitive Collection Compilation
20%
1997 Ultimate Collection Compilation
20%
No matching quizzes found
Score Distribution
Percent of People with Each Score
Percentile by Number Answered
Your Score History
You have not taken this quiz